النفد الأدبي ومدارسه الحديثة. (Record no. 15734)

MARC details
000 -الفاتح
حقل البيانات ثابتة الطول 01401cam a22003015a 4500
003 - محدد رقم الضبط
رقم الضبط EG-ScBUE
005 - وقت وتاريخ اخر تعامل مع التسجيلة
رقم الضبط 20200114141345.0
008 - عناصر البيانات ثابتة الطول - معلومات عامة
حقل البيانات ثابتة الطول 110725s1958 le f b 000 0 ara d
040 ## - مصدر الفهرسة
وكالة الفهرسة الأصلية EG-ScBUE
لغة الفهرسة ara
قواعد الوصف rda
وكالة النسخ EG-ScBUE
وكالة التعديل EG-ScBUE
041 1# - رمز اللغة
رمز لغة النص/ المسارات الصوتية أو العنوان الانفرادي ara
رمز لغة الترجمات و/او الاصلية المتوسطة للنص eng
082 04 - رقم تصنيف ديوى العشرى
رقم التصنيف 809
رقم المادة هـ ا ي
رقم الطبعة 22
100 1# - المدخل الرئيسى - إسم شخصى
9 (RLIN) 26415
الإسم الشخصى هايمن، ستانلي،‏
التواريخ المصاحبة للاسم 1919-1970،
الدور مؤلف.
245 12 - بيان العنوان
العنوان النفد الأدبي ومدارسه الحديثة.
رقم الجزء/قسم العمل الجزء الأول /
بيان المسئوليه,etc تأليف ستانلي هايمن ؛ ترجمة الدكتور إحسان عباس، الدكتور محمد يوسف نجم.
264 #1 - النشر، التوزيع
مكان الناشر او الموزع بيروت ؛
-- القاهرة ؛
-- نيويورك :
اسم الناشر او الموزع دار الثقافة :
-- مؤسسة فرنكلين المساهمة للطباعة والنشر،
تاريخ النشر أو التوزيع 1958.
300 ## - الوصف المادى
التعداد 336 صفحة ؛
أبعاد الوعاء 26 سم
336 ## - نوع المحتوى
source rdacontent
Carrier Type Term نص
Content Type Code txt
337 ## - نوع الوسيط
source rdamedia
Media Type Term بدون وسيط
Media Type Code n
338 ## - نوع الحامل أو الناقل
source rdacarrier
Carrier Type Term مجلد
Carrier Type Code nc
504 ## - تبصرة ببليوجرافية
تبصرة ببليوجرافية,الخ يشتمل على إرجاعات ببليوجرافية.
546 ## - تبصرة اللغة
تبصرة اللغة النص باللغة العربية وقد تم ترجمته من اللغة الإنجليزية.
590 ## - تبصرة محلية(RLIN)
تبصرة محلية eman
650 #7 - المدخل الاضافى بالموضوع-مصطلح موضوعى
مصطلح موضوعي أو اسم جغرافي كعنصر مدخل الأدب
التقسيم الفرعي العام تاريخ ونقد.
مصدر الرأس أو المصطلح BUEsh
9 (RLIN) 15991
653 ## - مصطلح تكشيفى غير مقيد
Arrived date list July2011
Resource For college Generalities
655 ## - مصطلح تكشيفى-نوع/شكل
التقسيم الفرعي الشكلي Reading book
700 1# - المدخل الاضافى - اسم شخصى
الإسم الشخصى عباس، إحسان،
الدور مترجم.
9 (RLIN) 26419
700 1# - المدخل الاضافى - اسم شخصى
الإسم الشخصى نجم، محمد يوسف،
الدور مترجم.
9 (RLIN) 26420
942 ## - عناصر المدخل الإضافي( كوها)
مصدر التصنيف او مخطط الترفيف Dewey Decimal Classification
Koha [default] item type Book - Borrowing
Holdings
حالة التراجع حالة الفقد مصدر التصنيف او خطة الترفيف حالة تلف ليس للاعارة مجموعات كوها المكان الدائم المكان الحالي موقع الترفيف تاريخ الاكتساب Source of acquisition رقم الاستدعاء الباركود Date last seen مُعار نوع الوعاء تبصرة عامة
    Dewey Decimal Classification     Baccah Central Library Central Library Second Floor 25/07/2011 Purchase 809 هـ ا ي 000024452 15/07/2025 01/12/2021 Book - Borrowing الجزء الأول
    Dewey Decimal Classification     Baccah Central Library Central Library Second Floor 04/09/2011 Purchase 809 هـ ا ي 000024567 15/07/2025 01/12/2021 Book - Borrowing الجزء الثاني